Làng xã Tỉnh Bắc Ninh

Quyển sách này là một trong những ấn phẩm dự án mà Hội Văn Nghệ Dân Gian Việt Nam đã sưu tầm, nghiên cứu về các truyền thống văn hóa dân tộc nhằm phổ biến cho bạn đọc hiểu thêm về văn hóa của các vùng miền góp phần xây dựng nền...

Full beskrivning

Sparad:
Bibliografiska uppgifter
Huvudupphovsman: Nguyễn, Quang Khải
Materialtyp: Bok
Språk:Undetermined
Publicerad: Hà Nội Thanh Niên 2011
Ämnen:
Taggar: Lägg till en tagg
Inga taggar, Lägg till första taggen!
Thư viện lưu trữ: Trung tâm Học liệu Trường Đại học Cần Thơ
LEADER 01069nam a2200205Ia 4500
001 CTU_173567
008 210402s9999 xx 000 0 und d
082 |a 915.9727 
082 |b Kh103/T.2 
100 |a Nguyễn, Quang Khải 
245 0 |a Làng xã Tỉnh Bắc Ninh 
245 0 |c Nguyễn Quang Khải 
260 |a Hà Nội 
260 |b Thanh Niên 
260 |c 2011 
520 |a Quyển sách này là một trong những ấn phẩm dự án mà Hội Văn Nghệ Dân Gian Việt Nam đã sưu tầm, nghiên cứu về các truyền thống văn hóa dân tộc nhằm phổ biến cho bạn đọc hiểu thêm về văn hóa của các vùng miền góp phần xây dựng nền "Văn Hóa Việt Nam tiên tiến, đậm đà bản sắc dân tộc" 
650 |a Folklore literature,Vietnamese,Phong tục tập quán,Việt Nam 
650 |z Việt Nam 
904 |i Vũ Thị Út 
980 |a Trung tâm Học liệu Trường Đại học Cần Thơ